Din-E-Haq (Record no. 2101)

MARC details
000 -LEADER
fixed length control field 00614nam a2200241 a 4500
020 ## - INTERNATIONAL STANDARD BOOK NUMBER
ISBN
082 00 - DEWEY DECIMAL CLASSIFICATION NUMBER
Classification number 297.8
Author Cutter NAQ
100 ## - MAIN ENTRY--AUTHOR NAME
Author name Naqwi, Baqir
245 ## - TITLE STATEMENT
Title Din-E-Haq
Sub title Urdu Translation of Al-Muraja`at.
260 ## - PUBLICATION, DISTRIBUTION, ETC. (IMPRINT)
Place of publication Bihar
Name of publisher Mudeer Islah Khujwa
Year of publication 1954
300 ## - PHYSICAL DESCRIPTION
Number of Pages 416p.
500 ## - GENERAL NOTE
General note includes index and biblioraphy
505 2# - FORMATTED CONTENTS NOTE
Formatted contents note Noor Aur Sachai
650 ## - SUBJECT ADDED ENTRY--TOPICAL TERM
Topical Term Islam-Sects-Conflicts-Sunni-Shiah
942 ## - ADDED ENTRY ELEMENTS (KOHA)
Koha item type Books
700 1# -
-- Naqwi, Baqir
Holdings
Collection code Home library Current library Date acquired Cost, normal purchase price Full call number Accession Number Koha item type
  Henry Martyn Institute Library Henry Martyn Institute Library 07/13/2007 100.00 297.8 NAQ 03952 Books
                   Copyright © 2026 | Henry Martyn Institute | Hyderabad | TS-500052 | INDIA | Implemented by hmi.edu.in
Hit-Count:

Powered by Koha